[Event "It Open"]
[Site "Sitges ESP"]
[Date "1993.??.??"]
[Round "2"]
[White "Castro Manuel"]
[Black "Ivanov Alexey"]
[Result "0-1"]
[WhiteElo "2275"]
[BlackElo "2431"]
[PlyCount "48"]
[EventDate "1993.??.??"]
[Source "www.chesslib.no"]
[SourceDate "2004.05.04"]

1. d4 Nf6 2. c4 e5 3. dxe5 Ng4 4. e4 Nxe5 5. f4 Nec6 6. Nf3 Bc5 7. a3 a5 8. Nc3 d6 9. Qd3 Bg4 10. Be2 Na6 11. Be3 Nab4 12. axb4 Nxb4 13. Qb1 Bxe3 14. g3 c6 15. Nd1 Qb6 16. Nxe3 Bxf3 17. Rf1 Qxe3 18. Rxf3 Qg1+ 19. Rf1 Qxh2 20. Ra3 O-O 21. Raf3 Rae8 22. f5 d5 23. R1f2 Qg1+ 24. Rf1 Qd4 0-1

[Event "Open"]
[Site "op Oberwart"]
[Date "1995.??.??"]
[Round "?"]
[White "Reinemer, Frank"]
[Black "Mohr, Stefan"]
[Result "0-1"]
[WhiteElo "2250"]
[BlackElo "2455"]
[PlyCount "106"]
[EventDate "1995.??.??"]
[Source "www.chesslib.no"]
[SourceDate "2004.05.04"]

1. d4 Nf6 2. c4 e5 3. dxe5 Ng4 4. e4 Nxe5 5. f4 Ng6 6. g3 Bc5 7. Qd3 a5 8. Be3 Na6 9. a3 d6 10. Bg2 O-O 11. Ne2 Re8 12. Nd2 a4 13. O-O b6 14. Rae1 Bb7 15. Nd4 Ne5 16. Qe2 Nd7 17. h4 Nf6 18. Bf2 Qd7 19. h5 Qg4 20. Bf3 Qh3 21. Nf5 Re6 22. e5 Bxf3 23. Qxf3 Rae8 24. exf6 Rxe1 25. Ne7+ R1xe7 26. fxe7 Qe6 27. Ne4 Bxf2+ 28. Rxf2 Qxe7 29. Re2 Qd7 30. Nxd6 Rf8 31. Ne4 h6 32. f5 Qd4+ 33. Kg2 Nc5 34. Qg4 Nxe4 35. Qxe4 Qf6 36. g4 Rd8 37. Kg3 Qd6+ 38. Kg2 Qf6 39. Kg3 Qg5 40. Qf3 Qc1 41. Qe4 Qg1+ 42. Rg2 Qf1 43. Kh2 c5 44. Qc2 Qf4+ 45. Kh1 Qf3 46. Kh2 Rd1 47. Qf2 Qe4 48. Qg3 Rd3 49. Qc7 Qxc4 50. f6 gxf6 51. Rf2 Qd4 52. Qc8+ Kg7 53. Qf5 Rd2 0-1

[Event "Loosdorf Open"]
[Site "Loosdorf"]
[Date "1993.??.??"]
[Round "4"]
[White "Dobosz, Henryk"]
[Black "Bliumberg, Vladislav"]
[Result "1-0"]
[WhiteElo "2430"]
[BlackElo "2270"]
[PlyCount "77"]
[EventDate "1993.07.??"]
[Source "www.chesslib.no"]
[SourceDate "2004.05.04"]

1. d4 Nf6 2. c4 e5 3. dxe5 Ng4 4. e4 Nxe5 5. a3 a5 6. f4 Nec6 7. Be3 Na6 8. Nc3 Bc5 9. Qd2 b6 10. Nf3 Bb7 11. Bd3 Bxe3 12. Qxe3 Nc5 13. Bc2 a4 14. Nd5 Ne7 15. O-O c6 16. Nb4 O-O 17. Rad1 f5 18. Ne5 Qc7 19. exf5 d6 20. f6 Rxf6 21. Ng4 Rf7 22. Qh3 h6 23. Qg3 Kh8 24. f5 Ng8 25. Rxd6 Rd7 26. Rfd1 Rad8 27. Rxd7 Qxg3 28. hxg3 Rxd7 29. Rxd7 Nxd7 30. Bxa4 h5 31. Ne3 Ne5 32. Bc2 Nf6 33. Nd3 Nxd3 34. Bxd3 Kg8 35. Be2 Kf8 36. Kf2 Ke7 37. Kf3 Kd6 38. Kf4 Ba6 39. c5+ 1-0

[Event "Medellin"]
[Site "Medellin"]
[Date "1987.??.??"]
[Round "?"]
[White "Cuartas, Carlos"]
[Black "Agudelo, Antonio"]
[Result "1-0"]
[WhiteElo "2355"]
[BlackElo "2340"]
[PlyCount "115"]
[EventDate "1987.??.??"]
[Source "www.chesslib.no"]
[SourceDate "2004.05.04"]

1. d4 Nf6 2. c4 e5 3. dxe5 Ng4 4. e4 Nxe5 5. f4 Ng6 6. Nf3 Bb4+ 7. Nc3 Bxc3+ 8. bxc3 d6 9. f5 Nh4 10. Bd3 Nxf3+ 11. Qxf3 Nc6 12. O-O Qf6 13. Rb1 h6 14. Qg3 b6 15. Bc2 Bd7 16. Bf4 Ne5 17. c5 bxc5 18. Rb7 Kd8 19. Rfb1 Bc6 20. R7b3 Re8 21. Rd1 Ke7 22. h4 Kf8 23. Rbb1 Nc4 24. Re1 Qe7 25. Rbd1 Bb5 26. Bd3 Rad8 27. a4 Ba6 28. Qf2 f6 29. g4 Rb8 30. Qg3 Rb6 31. Bxc4 Bxc4 32. g5 hxg5 33. hxg5 fxg5 34. Bxg5 Qe5 35. Qh4 Rb3 36. Re3 Rxc3 37. Bf4 Rxe3 38. Bxe5 Rxe5 39. Qd8+ Re8 40. Qxc7 R3xe4 41. Qxd6+ Kg8 42. Rd2 Bf7 43. Rg2 Re1+ 44. Kh2 R1e5 45. Qf6 g6 46. fxg6 Bd5 47. Qh4 Kg7 48. Qh7+ Kf6 49. Rf2+ Kg5 50. g7 Bg8 51. Rg2+ Kf6 52. Qg6+ Ke7 53. Rf2 Kd7 54. Rd2+ Ke7 55. Qd6+ Kf7 56. Rf2+ Kxg7 57. Qf6+ Kh7 58. Rg2 1-0

[Event "Isle of Man Open"]
[Site "Isle of Man IOM"]
[Date "1994.??.??"]
[Round "5"]
[White "Merriman, John"]
[Black "Anagnostopoulos, Dimitrios"]
[Result "1/2-1/2"]
[WhiteElo "2265"]
[BlackElo "2425"]
[PlyCount "117"]
[EventDate "1994.09.??"]
[Source "www.chesslib.no"]
[SourceDate "2004.05.04"]

1. d4 Nf6 2. c4 e5 3. dxe5 Ng4 4. e4 Nxe5 5. f4 Nec6 6. Be3 Na6 7. Nf3 Bc5 8. Qd2 O-O 9. Nc3 d6 10. O-O-O Re8 11. Bd3 Bxe3 12. Qxe3 Nc5 13. Rhe1 Nb4 14. Bb1 Be6 15. Nd5 Bxd5 16. cxd5 c6 17. Qc3 a5 18. a3 cxd5 19. axb4 axb4 20. Qxb4 Ra4 21. Qb5 Ra5 22. Qb4 Qc7 23. Kd2 dxe4 24. Bxe4 Ra4 25. Bc2 Ne4+ 26. Rxe4 Rxe4 27. Qxe4 Rxe4 28. Bxe4 Qa5+ 29. Ke2 Qb5+ 30. Kf2 Qxb2+ 31. Kg3 Qb4 32. Bd5 h6 33. h4 g6 34. Rc1 Qb5 35. Bc4 Qb2 36. Re1 Kf8 37. Re2 Qc1 38. Bd5 b5 39. Ra2 Qc5 40. Bb3 Kg7 41. Rc2 Qe3 42. Bd5 Qd3 43. Rd2 Qc3 44. Re2 Qc5 45. Ba2 Kf8 46. Bb3 Qc3 47. Bd5 b4 48. Ra2 Qd3 49. Rd2 Qe3 50. Ra2 Kg7 51. Rb2 Qc3 52. Ra2 Qc5 53. Rd2 h5 54. Rd3 Qb5 55. Ne1 Qd7 56. Bf3 Qe6 57. Kf2 Qa2+ 58. Kf1 Qa6 59. Bd5 1/2-1/2

[Event "Copa de V"]
[Site "Mestres Copa de V"]
[Date "1996.??.??"]
[Round "?"]
[White "Suarez, Roberto"]
[Black "Mujica, Mario Gustavo"]
[Result "0-1"]
[WhiteElo "2285"]
[BlackElo "2405"]
[PlyCount "36"]
[EventDate "1996.??.??"]
[Source "www.chesslib.no"]
[SourceDate "2004.05.04"]

1. d4 Nf6 2. c4 e5 3. dxe5 Ng4 4. e4 Nxe5 5. f4 Nec6 6. a3 a5 7. Be3 Na6 8. Nf3 Bc5 9. Bxc5 Nxc5 10. Nc3 O-O 11. Bd3 Nxd3+ 12. Qxd3 Re8 13. O-O d6 14. Rae1 b6 15. e5 dxe5 16. Qxd8 Rxd8 17. Nxe5 Ba6 18. Nxc6 Rd6 0-1

[Event "FRA Ch"]
[Site "Rouen FRA"]
[Date "1987.??.??"]
[Round "12"]
[White "Haik, Aldo"]
[Black "Kappler, Jean-Marie"]
[Result "1-0"]
[WhiteElo "2445"]
[BlackElo "2240"]
[PlyCount "59"]
[EventDate "1987.??.??"]
[Source "www.chesslib.no"]
[SourceDate "2004.05.04"]

1. d4 Nf6 2. c4 e5 3. dxe5 Ng4 4. e4 Nxe5 5. f4 Nec6 6. Nc3 Bc5 7. Nf3 d6 8. Bd3 O-O 9. Bd2 Bg4 10. h3 Bxf3 11. Qxf3 Qh4+ 12. g3 Nd4 13. Qg4 Qd8 14. O-O-O Nd7 15. Rde1 c6 16. e5 f5 17. exf6 Nxf6 18. Qd1 d5 19. g4 dxc4 20. Bxc4+ Kh8 21. Ne4 Nxe4 22. Rxe4 b5 23. Bc3 bxc4 24. Bxd4 Qd5 25. Rhe1 c3 26. Bxc3 Qxa2 27. b4 Bxb4 28. Rxb4 Qa3+ 29. Kc2 c5 30. Qd7 1-0

[Event "Muenster IM"]
[Site "Muenster"]
[Date "1990.??.??"]
[Round "1"]
[White "Piskov, Yury"]
[Black "Kamp, Christoph"]
[Result "1-0"]
[WhiteElo "2445"]
[BlackElo "2240"]
[PlyCount "43"]
[EventDate "1990.??.??"]
[Source "www.chesslib.no"]
[SourceDate "2004.05.04"]

1. d4 Nf6 2. c4 e5 3. dxe5 Ng4 4. e4 Nxe5 5. f4 Nec6 6. Be3 Bb4+ 7. Nd2 Qh4+ 8. g3 Qe7 9. Bg2 Na6 10. Ne2 Nc5 11. Qc2 Bxd2+ 12. Bxd2 a5 13. O-O O-O 14. a3 a4 15. Be3 d6 16. Nc3 Be6 17. Nd5 Bxd5 18. cxd5 Nb8 19. Bxc5 dxc5 20. e5 f6 21. Rfe1 Nd7 22. d6 1-0

[Event "Kecskemet4"]
[Site "?"]
[Date "1991.??.??"]
[Round "1"]
[White "Schipkov Boris"]
[Black "Peric Slavisa"]
[Result "1/2-1/2"]
[WhiteElo "2355"]
[BlackElo "2310"]
[PlyCount "34"]
[EventDate "1991.??.??"]
[Source "www.chesslib.no"]
[SourceDate "2004.05.04"]

1. d4 Nf6 2. c4 e5 3. dxe5 Ng4 4. e4 Nxe5 5. f4 Nec6 6. Be3 Bb4+ 7. Nd2 Na6 8. a3 Bc5 9. Qf3 Nd4 10. Bxd4 Bxd4 11. O-O-O Qf6 12. b4 Bxg1 13. Rxg1 d6 14. Kc2 Nb8 15. g3 a5 16. Qc3 Qg6 17. Bd3 O-O 1/2-1/2

[Event "Debrecen-A"]
[Site "Debrecen"]
[Date "1993.??.??"]
[Round "6"]
[White "Deak, Sandor"]
[Black "Kirchner, Thomas"]
[Result "0-1"]
[WhiteElo "2385"]
[BlackElo "2275"]
[PlyCount "160"]
[EventDate "1993.??.??"]
[Source "www.chesslib.no"]
[SourceDate "2004.05.04"]

1. d4 Nf6 2. c4 e5 3. dxe5 Ng4 4. e4 Nxe5 5. a3 Nbc6 6. f4 Ng6 7. Be3 d6 8. Bd3 Be7 9. Nf3 Nh4 10. O-O Bg4 11. Nbd2 Bf6 12. Qa4 Nxf3+ 13. Nxf3 O-O 14. Rab1 g6 15. h3 Bxf3 16. Rxf3 Qd7 17. Rff1 Bg7 18. Qc2 a5 19. Rbd1 Bd4 20. Qf2 Bxe3 21. Qxe3 Qe7 22. Qf2 Rad8 23. Rd2 Qf6 24. Be2 Rfe8 25. Bd3 Qd4 26. Re1 Qxf2+ 27. Kxf2 Nd4 28. g4 c5 29. g5 Kg7 30. Bf1 h5 31. Bg2 b6 32. Red1 Re7 33. h4 Ree8 34. Rb1 a4 35. Re1 Re7 36. Red1 Ree8 37. Bf3 Re7 38. Rd3 Kf8 39. Re1 Rde8 40. Rd2 Ra7 41. Bd1 Re6 42. Rd3 Kg7 43. Rde3 Nc6 44. Ke2 Nd4+ 45. Kd3 Re8 46. Kc3 Re6 47. Bc2 Kf8 48. Rd1 Kg7 49. Rh3 Nxc2 50. Kxc2 Rxe4 51. Rxd6 Rxc4+ 52. Rc3 Rxf4 53. Rxb6 Rxh4 54. Rxc5 Rg4 55. Rd6 h4 56. Rd3 Rb7 57. Rd2 h3 58. Rc3 Rxg5 59. Rxh3 Rgb5 60. Kc1 f5 61. Rh4 Ra5 62. Rdd4 Rba7 63. Rd6 R7a6 64. Rdd4 Kf6 65. Kd2 g5 66. Rh8 f4 67. Rf8+ Kg6 68. Ke2 Rb5 69. Rd2 Kh5 70. Kf3 Rb3+ 71. Ke4 Kg4 72. Rd5 Re6+ 73. Kd4 Rxb2 74. Ra5 Rbe2 75. Raf5 R2e4+ 76. Kd3 R6e5 77. R5f7 Re3+ 78. Kd4 R5e4+ 79. Kd5 Re5+ 80. Kd4 Kf3 0-1

[Event "FIN-chT1 0001"]
[Site "?"]
[Date "2000.??.??"]
[Round "4"]
[White "Pirttimaki Timo"]
[Black "Maidla Vallo"]
[Result "1/2-1/2"]
[WhiteElo "2267"]
[BlackElo "2388"]
[PlyCount "53"]
[EventDate "2000.??.??"]
[Source "www.chesslib.no"]
[SourceDate "2004.05.04"]

1. d4 Nf6 2. c4 e5 3. dxe5 Ng4 4. e4 Nxe5 5. a3 a5 6. f4 Nec6 7. Be3 Na6 8. Qh5 b6 9. Nc3 Bc5 10. Bxc5 Nxc5 11. Nf3 Bb7 12. O-O-O O-O 13. Bd3 a4 14. g4 f6 15. Bc2 Qe8 16. Qh3 Ne7 17. Rhe1 Qf7 18. Nd5 Ng6 19. Qg3 d6 20. h4 Bxd5 21. cxd5 Rfe8 22. Nd4 Rab8 23. h5 Ne7 24. Ne6 Nxe6 25. dxe6 Qxe6 26. Bxa4 Qc4+ 27. Bc2 1/2-1/2

[Event "6. Kurass Memorial"]
[Site "?"]
[Date "2005.06.29"]
[Round "9"]
[White "Golichenko Ilja"]
[Black "Belezky Sasha"]
[Result "1-0"]
[WhiteElo "2283"]
[BlackElo "2372"]
[PlyCount "71"]
[EventDate "2005.??.??"]
[Source "www.chesslib.no"]
[SourceDate "2004.05.04"]

1. d4 Nf6 2. c4 e5 3. dxe5 Ng4 4. e4 Nxe5 5. f4 Nec6 6. Be3 Na6 7. Nf3 Bc5 8. Bxc5 Nxc5 9. Nc3 d6 10. Bd3 Bg4 11. O-O Nd4 12. Be2 Nxe2+ 13. Qxe2 O-O 14. h3 Bxf3 15. Qxf3 a5 16. Rad1 Qb8 17. Rfe1 Qa7 18. Kh1 Rae8 19. Qg3 Kh8 20. Qf2 a4 21. e5 Qa6 22. Nb5 Qa5 23. Re2 f5 24. exf6 gxf6 25. Rxe8 Rxe8 26. Qh4 Nd7 27. Qg4 Re7 28. Kh2 Qb6 29. Nd4 Rg7 30. Qe2 Rg8 31. Nf5 Qa5 32. Nh6 Rf8 33. Rd3 Kg7 34. Rd5 Qa8 35. Qg4+ Kh8 36. Qxd7 1-0

[Event "Yerevan"]
[Site "Erevan ARM"]
[Date "1977.??.??"]
[Round "17"]
[White "Averkin, Orest N"]
[Black "Khalikian, Ovik"]
[Result "1/2-1/2"]
[WhiteElo "2455"]
[BlackElo "2200"]
[PlyCount "32"]
[EventDate "1977.??.??"]
[Source "www.chesslib.no"]
[SourceDate "2004.05.04"]

1. d4 Nf6 2. c4 e5 3. dxe5 Ng4 4. e4 Nxe5 5. f4 Nec6 6. Be3 Bb4+ 7. Nc3 Qe7 8. Bd3 Bxc3+ 9. bxc3 Na6 10. Qh5 b6 11. Nf3 Nc5 12. Bxc5 Qxc5 13. Qxc5 bxc5 14. Nd2 O-O 15. Rb1 Rb8 16. Rxb8 Nxb8 1/2-1/2

[Event "Olomouc"]
[Site "Olomouc CZE"]
[Date "1989.??.??"]
[Round "?"]
[White "Belotti, Bruno"]
[Black "Pokorny, Zdenek"]
[Result "1-0"]
[WhiteElo "2350"]
[BlackElo "2305"]
[PlyCount "217"]
[EventDate "1989.??.??"]
[Source "www.chesslib.no"]
[SourceDate "2004.05.04"]

1. d4 Nf6 2. c4 e5 3. dxe5 Ng4 4. e4 Nxe5 5. f4 Nec6 6. Be3 a5 7. Nc3 Na6 8. Nf3 Bc5 9. Qd2 d6 10. Bd3 Bxe3 11. Qxe3 Nc5 12. O-O O-O 13. Rad1 Nxd3 14. Rxd3 Be6 15. b3 Nb4 16. Rd2 Qe8 17. Nd4 f5 18. Ncb5 Na6 19. Qh3 Qc8 20. Re2 Bd7 21. exf5 Bxf5 22. Qc3 Rf7 23. Rfe1 Bg4 24. Re8+ Qxe8 25. Rxe8+ Rxe8 26. h3 Bc8 27. Qxa5 Rxf4 28. Qd2 Ref8 29. Qe3 R4f7 30. Nc3 Nc5 31. Nd5 Kh8 32. b4 Na6 33. a3 Nb8 34. Kh2 c6 35. Nb6 Bd7 36. Qg3 Rf6 37. Qe3 c5 38. Nf3 Bc6 39. Nd5 Bxd5 40. cxd5 Nd7 41. Qe7 cxb4 42. Qxd7 bxa3 43. Qxb7 Rf5 44. Qa7 Rxd5 45. Qxa3 Rdf5 46. Qxd6 R8f6 47. Qd8+ Rf8 48. Qe7 R8f7 49. Qe3 Rf8 50. Ng5 h6 51. Ne6 Re8 52. Qd3 Rf6 53. Nc5 Rf7 54. Qg6 Rfe7 55. Qd6 Rf7 56. Nd3 Rf6 57. Qd7 Re2 58. Qc7 Kh7 59. Nf4 Rf2 60. Nh5 Rg6 61. Nf4 Rf6 62. Nh5 Rg6 63. Qb7 Rg5 64. Qe4+ Kg8 65. Nf4 Ra5 66. h4 Ra7 67. Kh3 Rfa2 68. Qe8+ Kh7 69. Qg6+ Kh8 70. Qe6 Kh7 71. Qg6+ Kg8 72. Ne6 R2a3+ 73. g3 Rf3 74. Nd4 Rf6 75. Qe8+ Rf8 76. Qe6+ Kh8 77. Nf5 Rb7 78. Nxh6 gxh6 79. Qxh6+ Kg8 80. Qe6+ Kh8 81. Qh6+ Kg8 82. h5 Rf3 83. Qe6+ Rbf7 84. Kh4 R3f6 85. Qe8+ Kh7 86. Qe4+ Kg8 87. g4 Rf4 88. Qe5 Kh7 89. Kg5 Ra4 90. h6 Rfa7 91. Qf5+ Kg8 92. Qg6+ Kh8 93. Qf6+ Kh7 94. Qg6+ Kh8 95. Qf6+ Kh7 96. Kh5 Ra1 97. Qf5+ Kg8 98. Qe6+ Kh7 99. Qe4+ Kg8 100. g5 R1a5 101. Qe6+ Kh8 102. Qf6+ Kh7 103. Qd8 Rc5 104. Qd3+ Kg8 105. Qb3+ Rf7 106. Kg4 Kh8 107. Qb8+ Kh7 108. g6+ Kxg6 109. Qd6+ 1-0

[Event "Bekescsaba"]
[Site "Bekescsaba"]
[Date "1996.??.??"]
[Round "9"]
[White "Ballai, Zsolt"]
[Black "Biro, Sandor"]
[Result "1/2-1/2"]
[WhiteElo "2305"]
[BlackElo "2340"]
[PlyCount "95"]
[EventDate "1996.??.??"]
[Source "www.chesslib.no"]
[SourceDate "2004.05.04"]

1. d4 Nf6 2. c4 e5 3. dxe5 Ng4 4. e4 Nxe5 5. f4 Nec6 6. Be3 Na6 7. Qd2 Bc5 8. Nf3 O-O 9. Nc3 d6 10. Bd3 Bxe3 11. Qxe3 Nc5 12. O-O Nb4 13. Bb1 a5 14. Nd4 Bd7 15. a3 Nba6 16. Bc2 c6 17. Rab1 Qb6 18. Nf3 Rae8 19. Kh1 Be6 20. b3 f6 21. Qf2 Nd7 22. Rbd1 a4 23. Nxa4 Qxf2 24. Rxf2 b5 25. cxb5 cxb5 26. Nc3 b4 27. Rxd6 Ndc5 28. axb4 Nxb4 29. Nd4 Nxc2 30. Rxc2 Bxb3 31. Nxb3 Nxb3 32. Rb2 Nc5 33. Rb4 Rd8 34. Rxd8 Rxd8 35. Rc4 Nd3 36. g3 Nb2 37. Rc7 Nd1 38. Nxd1 Rxd1+ 39. Kg2 Rd2+ 40. Kg1 Rd1+ 41. Kg2 Rd2+ 42. Kf3 Rxh2 43. e5 fxe5 44. fxe5 Rh6 45. Kf4 Kf8 46. Kf5 Ra6 47. g4 h6 48. Rc8+ 1/2-1/2

[Event "Torre Blanca 30th aniv"]
[Site "?"]
[Date "2002.12.01"]
[Round "7"]
[White "Liascovich Lucas"]
[Black "Valiente Cristobal"]
[Result "1-0"]
[WhiteElo "2312"]
[BlackElo "2330"]
[PlyCount "103"]
[EventDate "2002.??.??"]
[Source "www.chesslib.no"]
[SourceDate "2004.05.04"]

1. d4 Nf6 2. c4 e5 3. dxe5 Ng4 4. e4 Nxe5 5. f4 Nec6 6. Be3 g6 7. Nc3 Bg7 8. Bd3 d6 9. Nge2 O-O 10. O-O Nd7 11. Rc1 Nb6 12. b3 Re8 13. Qd2 Bg4 14. h3 Bxe2 15. Nxe2 Nd7 16. b4 Nf6 17. b5 Nb8 18. Nc3 Nbd7 19. Rfd1 b6 20. Qf2 Qe7 21. Re1 Nc5 22. Bxc5 bxc5 23. Qf3 Nd7 24. e5 dxe5 25. Be4 Rad8 26. f5 Nb6 27. Nd5 Nxd5 28. cxd5 Qd6 29. Rc4 a6 30. a4 axb5 31. axb5 Rb8 32. Rf1 Kh8 33. Bc2 Red8 34. Rh4 Qf6 35. Rxh7+ Kxh7 36. fxg6+ Kh6 37. Qe4 Qxg6 38. Qh4+ Qh5 39. Rf6+ Bxf6 40. Qxf6+ Qg6 41. Bxg6 fxg6 42. Qh4+ Kg7 43. Qe7+ Kg8 44. Qe6+ Kg7 45. Qxe5+ Kh6 46. Qxc7 Rbc8 47. Qf4+ Kg7 48. b6 c4 49. b7 Rb8 50. Qc7+ Kf6 51. Qxc4 Ke5 52. Qc6 1-0

[Event "Kecskemet op2"]
[Site "Keckemeth"]
[Date "1990.??.??"]
[Round "?"]
[White "Lorscheid, Gerhard"]
[Black "Biro, Sandor"]
[Result "1-0"]
[WhiteElo "2255"]
[BlackElo "2380"]
[PlyCount "81"]
[EventDate "1990.09.??"]
[Source "www.chesslib.no"]
[SourceDate "2004.05.04"]

1. d4 Nf6 2. c4 e5 3. dxe5 Ng4 4. e4 Nxe5 5. f4 Nec6 6. a3 a5 7. Be3 Na6 8. Nc3 Bc5 9. Qd2 d6 10. Bd3 O-O 11. Nf3 Bxe3 12. Qxe3 Nc5 13. Bc2 Re8 14. O-O b6 15. Qf2 a4 16. Rfe1 Bg4 17. Rad1 Na5 18. Nxa4 Nxc4 19. Nxc5 bxc5 20. Bb3 Bxf3 21. Qxf3 Nxb2 22. Rb1 Na4 23. Bd5 Ra7 24. Bc6 Rf8 25. Qb3 Nb6 26. a4 Qf6 27. f5 Qd4+ 28. Kh1 Nxa4 29. Red1 Qb4 30. Qc2 Qa5 31. Ra1 Qb6 32. Rxa4 Rxa4 33. Bxa4 Ra8 34. Bb3 Ra3 35. Rb1 Qa7 36. Bd5 Ra1 37. Qb2 Rxb1+ 38. Qxb1 h6 39. h3 Qa4 40. Qb8+ Kh7 41. Bxf7 1-0

[Event "Litomysl op"]
[Site "?"]
[Date "1996.??.??"]
[Round "3"]
[White "Shishkin Vadim"]
[Black "Doring Robert"]
[Result "1-0"]
[WhiteElo "2430"]
[BlackElo "2205"]
[PlyCount "64"]
[EventDate "1996.??.??"]
[Source "www.chesslib.no"]
[SourceDate "2004.05.04"]

1. d4 Nf6 2. c4 e5 3. dxe5 Ng4 4. e4 Nxe5 5. f4 Nec6 6. Be3 Na6 7. Nc3 Bc5 8. Qd2 O-O 9. Nf3 d6 10. O-O-O Qe8 11. Bd3 f5 12. Rhe1 Qh5 13. h3 Bxe3 14. Qxe3 Bd7 15. e5 Rae8 16. Nd5 dxe5 17. fxe5 Be6 18. a3 b6 19. b4 Ne7 20. Bc2 Ng6 21. Ba4 f4 22. Qe2 Rd8 23. Nd4 Qxe2 24. Rxe2 Bxd5 25. cxd5 Rc8 26. e6 Ne7 27. Nc6 Rce8 28. Nxa7 Ra8 29. Nc6 Rae8 30. d6 cxd6 31. Rxd6 Nc7 32. Nxe7+ Rxe7 1-0

[Event "Weilburg NBG Open"]
[Site "Weilburg GER"]
[Date "1995.??.??"]
[Round "2"]
[White "Ksieski, Zbigniew"]
[Black "Haas, Frank"]
[Result "0-1"]
[WhiteElo "2390"]
[BlackElo "2240"]
[PlyCount "132"]
[EventDate "1995.10.??"]
[Source "www.chesslib.no"]
[SourceDate "2004.05.04"]

1. d4 Nf6 2. c4 e5 3. dxe5 Ng4 4. e4 Nxe5 5. f4 Ng6 6. Be3 Bb4+ 7. Nc3 Bxc3+ 8. bxc3 d6 9. Nf3 Nd7 10. h4 Qe7 11. Qd4 Nf6 12. h5 Nf8 13. h6 g6 14. O-O-O c5 15. Qxd6 Qxd6 16. Rxd6 Nxe4 17. Rd1 Bf5 18. Re1 Nd7 19. Bd3 O-O-O 20. g4 Ndf6 21. Ne5 Rxd3 22. Nxd3 Nxg4 23. Nxc5 Ng3 24. Bd4 Rd8 25. Rhg1 Nh5 26. Rgf1 b6 27. Nb3 Bd3 28. Rg1 Nxh6 29. c5 b5 30. c6 Nf5 31. Bxa7 Nxf4 32. Bb6 Ne2+ 33. Rxe2 Bxe2 34. Bxd8 Kxd8 35. Rg2 Bc4 36. Rd2+ Kc7 37. Na5 Be6 38. a4 bxa4 39. Rb2 Bb3 40. Rd2 Be6 41. Rb2 Bb3 42. Rd2 Nd6 43. Rd4 Be6 44. Kb2 a3+ 45. Ka1 h5 46. c4 Nf5 47. Rd3 Ne7 48. Rxa3 Nxc6 49. Nb3 Bxc4 50. Nd2 Bd5 51. Nf3 Bxf3 52. Rxf3 Ne5 53. Rh3 Kd6 54. Kb2 Kd5 55. Kc2 f5 56. Kd2 Ke4 57. Re3+ Kf4 58. Ke2 g5 59. Ra3 g4 60. Kf2 h4 61. Ra4+ Kg5 62. Ra5 Nd3+ 63. Ke3 Nf4 64. Ra4 g3 65. Kf3 g2 66. Kf2 h3 0-1

[Event "BL2-O 9495"]
[Site "GER"]
[Date "1995.??.??"]
[Round "?"]
[White "Laux, Tino"]
[Black "Pachow, Joerg"]
[Result "0-1"]
[WhiteElo "2335"]
[BlackElo "2290"]
[PlyCount "120"]
[EventDate "1994.10.??"]
[Source "www.chesslib.no"]
[SourceDate "2004.05.04"]

1. d4 Nf6 2. c4 e5 3. dxe5 Ng4 4. e4 Nxe5 5. f4 Nec6 6. Be3 Bb4+ 7. Nd2 Qh4+ 8. g3 Qe7 9. Bd3 Na6 10. Qe2 Nc5 11. O-O-O a5 12. Ngf3 d6 13. Bxc5 Bxc5 14. e5 dxe5 15. fxe5 Be6 16. Ne4 O-O-O 17. Neg5 Nd4 18. Qg2 Nxf3 19. Nxf3 Rd7 20. Qe2 Rhd8 21. Be4 a4 22. Kc2 Kb8 23. b3 h5 24. Rxd7 Rxd7 25. Rd1 Rxd1 26. Qxd1 Bb6 27. Kb1 Qc5 28. Qd2 a3 29. Kc1 Ka7 30. Kb1 Kb8 31. Qd8+ Ka7 32. Qd2 c6 33. Kc1 Kb8 34. Kb1 Bc7 35. Kc1 Bg4 36. Qd4 Qb4 37. Nd2 Qe7 38. Nf3 Be6 39. Qd2 Bg4 40. Qd4 Kc8 41. Qd2 Bxf3 42. Bxf3 Qxe5 43. Kd1 g6 44. b4 Bd8 45. Bg2 Bg5 46. Qc2 Qd6+ 47. Ke2 Qxb4 48. Bh3+ Kb8 49. Qd3 f5 50. Bf1 Be7 51. Kf3 Ka7 52. Be2 Bc5 53. Kf4 Qb2 54. Kg5 Qxa2 55. Kxg6 Qb2 56. Qxf5 Bb4 57. Qf2+ c5 58. Qe3 a2 59. Bf3 a1=Q 60. Qe7 Qa6+ 0-1

[Event "Aalborg Open"]
[Site "Aalborg DEN"]
[Date "1993.??.??"]
[Round "1"]
[White "Maksimenko, Andrei"]
[Black "Nielsen, Tommy"]
[Result "1-0"]
[WhiteElo "2435"]
[BlackElo "2190"]
[PlyCount "70"]
[EventDate "1993.??.??"]
[Source "www.chesslib.no"]
[SourceDate "2004.05.04"]

1. d4 Nf6 2. c4 e5 3. dxe5 Ng4 4. e4 Nxe5 5. f4 Nec6 6. Nc3 Bc5 7. Qh5 d6 8. Bd3 Nd7 9. Nf3 Nf6 10. Qh4 Ng4 11. Qxd8+ Kxd8 12. Na4 Bf2+ 13. Ke2 Nd4+ 14. Kf1 Be3 15. h3 Nxf3 16. hxg4 Bxc1 17. Rxc1 Nd4 18. g5 b6 19. Nc3 Bb7 20. Kf2 Kd7 21. Rh4 Ne6 22. Rch1 h5 23. Ke3 g6 24. g4 Ng7 25. Nd5 Bxd5 26. cxd5 a6 27. gxh5 gxh5 28. Be2 Rhe8 29. Kd3 Re7 30. f5 Re5 31. f6 Nf5 32. Rxh5 Ng3 33. Bg4+ Kd8 34. Rh8+ Re8 35. Rxe8+ Kxe8 1-0

[Event "Olomouc op"]
[Site "Olomouc"]
[Date "2002.08.03"]
[Round "4"]
[White "Johansson, Jan"]
[Black "Ilandzis, Spyridon"]
[Result "1/2-1/2"]
[WhiteElo "2401"]
[BlackElo "2219"]
[PlyCount "102"]
[EventDate "2002.07.31"]
[Source "ChessBase"]
[SourceDate "2002.09.11"]

1. d4 Nf6 2. c4 e5 3. dxe5 Ng4 4. e4 Nxe5 5. f4 Nec6 6. Be3 Bb4+ 7. Nd2 Qe7 8. Bd3 Na6 9. Qe2 Nc5 10. O-O-O Nxd3+ 11. Qxd3 Bc5 12. Bxc5 Qxc5 13. Ne2 d6 14. Nc3 Be6 15. Nd5 Nb4 16. Nxb4 Qxb4 17. f5 Bd7 18. Qd4 f6 19. Nb3 O-O-O 20. Rd3 Bc6 21. Nd2 Qb6 22. Qxb6 axb6 23. Rg3 Rd7 24. Rf1 Re8 25. Rf4 Rde7 26. Kc2 Bxe4+ 27. Nxe4 Rxe4 28. Rxe4 Rxe4 29. Rxg7 Rxc4+ 30. Kd3 Rh4 31. h3 Rh5 32. Ke4 Rg5 33. Rxh7 Rxg2 34. h4 Rxb2 35. h5 Rxa2 36. Kd5 Re2 37. h6 Re5+ 38. Kd4 Rxf5 39. Rg7 c5+ 40. Kc4 d5+ 41. Kb5 d4 42. h7 Rh5 43. Rg8+ Kd7 44. h8=Q Rxh8 45. Rxh8 Ke6 46. Kxb6 Kd5 47. Kb5 f5 48. Rd8+ Ke4 49. Kxc5 f4 50. Rxd4+ Ke3 51. Rd7 f3 1/2-1/2

[Event "FIN Team Ch"]
[Site "Finland"]
[Date "1990.??.??"]
[Round "?"]
[White "Ojanen, Kaarle S"]
[Black "Hurme, Harri M"]
[Result "0-1"]
[WhiteElo "2340"]
[BlackElo "2280"]
[PlyCount "128"]
[EventDate "1990.??.??"]
[Source "www.chesslib.no"]
[SourceDate "2004.05.04"]

1. d4 Nf6 2. c4 e5 3. dxe5 Ng4 4. e4 Nxe5 5. Nc3 Bb4 6. f4 Nec6 7. Nf3 Na6 8. Bd2 Nc5 9. Qc2 O-O 10. O-O-O d6 11. f5 Re8 12. Re1 b6 13. g4 Bb7 14. Bd3 a5 15. Nd5 Ne5 16. Nxe5 dxe5 17. Re3 Bxd2+ 18. Qxd2 c6 19. Nc3 Qh4 20. Qe1 Qxe1+ 21. Rhxe1 Red8 22. Bc2 Rd4 23. b3 Rad8 24. R3e2 Kf8 25. Rd1 Rxd1+ 26. Nxd1 b5 27. Rd2 Rd4 28. Ne3 Ke7 29. Rd1 b4 30. g5 Bc8 31. Ng4 Rxd1+ 32. Kxd1 f6 33. h4 Bd7 34. Kd2 Be8 35. Ke3 Bh5 36. gxf6+ gxf6 37. Nf2 Kd6 38. Nh3 Bf7 39. Nf2 a4 40. Kd2 a3 41. Bb1 Bh5 42. Ke3 Nb7 43. Bc2 Na5 44. Nh1 c5 45. Ng3 Bg4 46. Nf1 Nc6 47. Kd3 Nd4 48. Ne3 Bf3 49. Bb1 Ke7 50. Nd5+ Kf7 51. Kd2 Bh5 52. Nb6 Nf3+ 53. Ke3 Nxh4 54. Nd7 Ng2+ 55. Kd2 Nf4 56. Nxc5 Bf3 57. Nd3 Nxd3 58. Bxd3 Ke7 59. Bc2 Kd6 60. Ke3 Bh5 61. Bd3 Bd1 62. Bb1 Kc5 63. Kd2 Bh5 64. Ke3 Bg4 0-1

[Event "It Open"]
[Site "St Petersburg RUS"]
[Date "1995.??.??"]
[Round "?"]
[White "Iljin, Stanislav"]
[Black "Zakharov, Alexander S"]
[Result "0-1"]
[WhiteElo "2305"]
[BlackElo "2305"]
[PlyCount "42"]
[EventDate "1995.??.??"]
[Source "www.chesslib.no"]
[SourceDate "2004.05.04"]

1. d4 Nf6 2. c4 e5 3. dxe5 Ng4 4. e4 Nxe5 5. Be3 Bb4+ 6. Nd2 Qh4 7. Qc2 Ng4 8. O-O-O Nxe3 9. fxe3 Bxd2+ 10. Qxd2 Qxe4 11. Bd3 Qe7 12. Nh3 d6 13. Nf4 Be6 14. Be4 Nc6 15. Qc2 h6 16. Bd5 Bd7 17. Rhf1 O-O-O 18. Qa4 Qxe3+ 19. Kb1 Nd4 20. Bxb7+ Kxb7 21. Qb4+ Ka8 0-1